| 000 | 00700nam a2200241 a 4500 | ||
|---|---|---|---|
| 005 | 20140310183334.0 | ||
| 008 | 060905s19uu xx 00 eng d | ||
| 020 | _a1401843808 | ||
| 050 |
_aT 385 _b.B445 2004 |
||
| 100 | _aBeckmann, Patricia | ||
| 245 |
_aExploring 3d modeling with maya 6 / _cPatricia Beckmann. |
||
| 260 |
_aNew York : _bThomson Delmar Learning, _c2004. |
||
| 300 |
_a385 p. : _bcol. ill. ; _c23 cm. |
||
| 521 | _aIT | ||
| 650 | _aMaya (Computer file). | ||
| 650 | _aComputer graphics. | ||
| 650 | _aDigital Arts. | ||
| 650 | _aComputer animation. | ||
| 650 | _aThree-dimensional display system. | ||
| 700 | _aWells, Scott | ||
| 942 |
_cBK _2lcc _kFOR |
||
| 999 |
_c21639 _d21639 |
||